书目信息 |
| 题名: |
少儿健康快车
|
|
| 作者: | 张金哲 著 | |
| 分册: | ||
| 出版信息: | 北京 北京出版社 2003 |
|
| 页数: | 203页 | |
| 开本: | 20cm | |
| 丛书名: | ||
| 单 册: | ||
| 中图分类: | R179 | |
| 科图分类: | ||
| 主题词: | 少年儿童--保健 | |
| 电子资源: | ||
| ISBN: | 7-200-04836-4 | |
| 000 | 00659nam0 2200205 450 | |
| 001 | 0756757527 | |
| 005 | 20070724111206.32 | |
| 010 | @a7-200-04836-4@dCNY12.00 | |
| 100 | @a20070720d2003 km y0chiy0120 ea | |
| 101 | 0 | @achi |
| 102 | @aCN@b110000 | |
| 200 | 1 | @a少儿健康快车@Ashao er jian kang kuai che@e献给每一位关爱孩子的家长@f张金哲等著@Fzhang jin zhe deng zhu |
| 210 | @a北京@c北京出版社@d2003 | |
| 215 | @a203页@d20cm | |
| 517 | 1 | @a献给每一位关爱孩子的家长@Axian gei mei yi wei guan ai hai zi de jia zhang |
| 606 | 0 | @a少年儿童@x保健 |
| 690 | @aR179@v3 | |
| 701 | 0 | @a张金哲@Azhang jin zhe@4著 |
| 801 | 0 | @aCN@bPFT@c20070724 |
| 905 | @a10447@dR179@e163 | |
| 少儿健康快车:献给每一位关爱孩子的家长/张金哲等著.-北京:北京出版社,2003 |
| 203页;20cm |
| ISBN 7-200-04836-4:CNY12.00 |
| ● |
| 相关链接 |
|
|
|
|
正题名:少儿健康快车
索取号:R179/163
 
预约/预借
| 序号 | 登录号 | 条形码 | 馆藏地/架位号 | 状态 | 备注 |
| 1 | 0766454 | 207664543 | 第二样本阅览室/ [索取号:R179/163] | 在馆 |